000 00498nam a2200169 i 4500
001 89591
003 ES-MaACL
005 20230906180227.0
007 t|
008 050111m19211922fr ||||1| fre d
100 1 _aLa Vallée Poussin, Charles Jean de.
_969190
245 1 0 _aCours d'Analyse infinitésimale /
_cpar Ch. J. de la Vallée Poussin.
250 _a4ème éd.
260 _aLouvain :
_bA. Uystpruyst-Dieudonné,
_c1921-1922.
300 _a2 v. ;
_c25 cm.
852 _aES-MaACL
_jB-4576-7
999 _c89591
_d89591